000 01556cam a22004097a 4500
003 CHAP
005 20220329142820.0
008 040325s2003 mx ad r 00010 spa d
010 _a88190
011 _a89162
035 _a99711
040 _cCHAP
090 _aTesis
100 0 0 _aTlatilpa Santamaría, Ibar Felipe.
_9113467
245 1 0 _aEndomicorrizas e hidrogel en la nutrición mineral de jitomate (Lycopersicum sculentum)
_c/por Ibar Felipe Tlatilpa Santamaría
260 _aChapingo, Méx. :
_bEl autor,
_c2003
300 _a56 h. :
_bilus. ; gráfs. ; cuadros
502 _aTesis (Ing. Agr. Esp. en Suelos) -- UACH. Departamento de Suelos
530 _aTambién disponible en línea
590 _aALEPH
_b10
_c20130110
_lUCH01
_h1456
590 _aBATCH-UPD
_b10
_c20130110
_lUCH01
_h0345
590 _aBATCH-UPD
_b10
_c20130110
_lUCH01
_h1800
590 _aBATCH-UPD
_b10
_c20130410
_lUCH01
_h0018
590 _aBATCH-UPD
_b10
_c20130914
_lUCH01
_h1816
590 _aBATCH-UPD
_b10
_c20140324
_lUCH01
_h1442
590 _aBATCH-UPD
_b10
_c20141002
_lUCH01
_h0820
590 _aCONVERSION
_b10
_c20130109
_lUCH01
_h1349
650 1 4 _aMicorriza.
_975486
650 1 4 _aPlantas
_xNutrición.
_988874
650 1 4 _aTomate
_xElementos minerales.
_9113709
856 _3Finding aid
_uhttp://10.13.5.2/tesis/99711.pdf
_zTeclea aqui
901 _aBK
905 _aMarco A. Mendoza T.
942 _cFOLL
949 _aTesis
_bBC
_cTES
_d33724000893350
_eTS2
_fc.2
_gDonaqciØn
_h41589
_i99711
_si
949 _aTesis
_bBC
_cTES
_d997111
_eTS1
_gDonaqciØn
_h41588
_i99711
_sb
999 _c88190
_d88190